| 000 | 00376nam a2200145Ia 4500 | ||
|---|---|---|---|
| 008 | 220217s9999||||xx |||||||||||||| ||und|| | ||
| 020 | _a0-07-043592-8 | ||
| 082 | _a005.133 HER | ||
| 100 | _aSchildt, Herbert | ||
| 245 | 0 | _aComplete reference Java 2 | |
| 250 | _a4th | ||
| 260 |
_aTata mcgraw hill _bNew Delhi _c2001 |
||
| 300 | _b0 | ||
| 650 | _aPROGRAMMING LANGUAGE | ||
| 999 |
_c167934 _d167934 |
||